Faculty of Law Library — Cairo University

Official Online Catalog

Nottebohm case (Liechtenstein v. Guatemala) : (Record no. 70851)

MARC details
000 -LEADER
fixed length control field 01113nam a2200265 4500
003 - CONTROL NUMBER IDENTIFIER
control field EG-GICUC
005 - DATE AND TIME OF LATEST TRANSACTION
control field 20260414115752.0
008 - FIXED-LENGTH DATA ELEMENTS--GENERAL INFORMATION
fixed length control field 770304s1955 ne fr i000 0 eng
040 ## - CATALOGING SOURCE
Original cataloging agency EG-GiCUC
Language of cataloging fre
Transcribing agency EG-GiCUC
Modifying agency EG-GiCUC
Description conventions rda
041 0# - LANGUAGE CODE
Language code of text/sound track or separate title fre
082 04 - DEWEY DECIMAL CLASSIFICATION NUMBER
Edition number 21
Classification number 341.63
Item number NO
092 04 - LOCALLY ASSIGNED DEWEY CALL NUMBER (OCLC)
Edition number 21
099 ## - LOCAL FREE-TEXT CALL NUMBER (OCLC)
Classification number Law1 11 341.63 NO 1955
245 00 - TITLE STATEMENT
Title Nottebohm case (Liechtenstein v. Guatemala) :
Remainder of title judgments of November 18th, 1953 (preliminary objection) and April 6th, 1955 (second phase of the case).
Number of part/section of a work Vol 1 /
Statement of responsibility, etc. International Court of Justice = Affaire Nottebohm (Liechtenstein c. Guatemala) : arrêts du 18 novembre 1953 (exception préliminaire) et du 6 avril 1955 (deuxième phase de l’affaire) / Cour internationale de justice.
264 #1 - PRODUCTION, PUBLICATION, DISTRIBUTION, MANUFACTURE, AND COPYRIGHT NOTICE
Place of production, publication, distribution, manufacture [Hague] :
Name of producer, publisher, distributor, manufacturer The Court,
Date of production, publication, distribution, manufacture, or copyright notice 1955.
300 ## - PHYSICAL DESCRIPTION
Extent 560 ؛ pages
Dimensions 24 cm
336 ## - CONTENT TYPE
Source rda content
Content type term text
337 ## - MEDIA TYPE
Source rda media
Media type term Computer
338 ## - CARRIER TYPE
Source rda carrier
Carrier type term Online Resource
546 ## - LANGUAGE NOTE
Language note Text in English
650 14 - SUBJECT ADDED ENTRY--TOPICAL TERM
Topical term or geographic name entry element Droit international public
856 40 - ELECTRONIC LOCATION AND ACCESS
Uniform Resource Identifier <a href="https://fll.law.cu.edu.eg/fulltext/bks/B11-07178.pdf">https://fll.law.cu.edu.eg/fulltext/bks/B11-07178.pdf</a>
905 ## - Cataloger and Reviser Names
Cataloger Name: Abdulrhman Sobhy
942 ## - ADDED ENTRY ELEMENTS (KOHA)
Source of classification or shelving scheme Dewey Decimal Classification
Koha item type Books
Edition 21
Suppress in OPAC No
Holdings
Withdrawn status Lost status Source of classification or shelving scheme Materials specified (bound volume or other part) Damaged status Not for loan Collection Home library Current library Date acquired Total checkouts Full call number Barcode Date last seen Copy number Price effective from Koha item type
    Dewey Decimal Classification V1   Not for loan القانون الدولي العام جــــامعة القــاهرة مكتبة كلية الحقوق - المبنى الرئيسي 14.04.2026   Law1 11 341.63 NO 1955 1107178 V1, C1 B11-07178 14.04.2026 1 14.04.2026 Books

© All rights reserved — Faculty of Law, Cairo University